San Jose Sharks Leaders - Statistics

General Stats
  • This quiz has been taken 86 times
    24 since last reset
  • The average score is 42 of 101
Answer Stats
Stat Number Answer % Correct
Most Goals 251 Joe Thornton
95%
Most Assists 804 Joe Thornton
95%
Most Points 1055 Joe Thornton
95%
Most Games Played 1104 Joe Thornton
95%
Most Game Winning Goals 40 Joe Thornton
95%
Most Goals 522 Patrick Marleau
95%
Most Assists 589 Patrick Marleau
95%
Most Points 1111 Patrick Marleau
95%
Most Games Played 1607 Patrick Marleau
95%
Most Game Winning Goals 101 Patrick Marleau
95%
Most Goals 172 Brent Burns
84%
Most Assists 422 Brent Burns
84%
Most Points 594 Brent Burns
84%
Most Games Played 798 Brent Burns
84%
Most Game Winning Goals 27 Brent Burns
84%
Most Goals 355 Joe Pavelski
79%
Most Assists 406 Joe Pavelski
79%
Most Points 761 Joe Pavelski
79%
Most Games Played 963 Joe Pavelski
79%
Most Game Winning Goals 60 Joe Pavelski
79%
Most Games Played (Goalie) 563 Evgeni Nabokov
63%
Most Wins 193 Evgeni Nabokov
63%
Most Shutouts 50 Evgeni Nabokov
63%
Best Career Save Percentage .912 Evgeni Nabokov
63%
Best Career Goals Against Average 2.39 Evgeni Nabokov
63%
Most Games Played (Goalie) 327 Martin Jones
63%
Most Wins 170 Martin Jones
63%
Most Shutouts 18 Martin Jones
63%
Best Career Save Percentage .907 Martin Jones
63%
Best Career Goals Against Average 2.66 Martin Jones
63%
Most Assists 295 Marc-Édouard Vlasic
58%
Most Points 378 Marc-Édouard Vlasic
58%
Most Games Played 1323 Marc-Édouard Vlasic
58%
Most Games Played (Goalie) 296 Antti Niemi
53%
Most Wins 163 Antti Niemi
53%
Most Shutouts 25 Antti Niemi
53%
Best Career Save Percentage .917 Antti Niemi
53%
Best Career Goals Against Average 2.40 Antti Niemi
53%
Most Goals 165 Jonathan Cheechoo
53%
Most Game Winning Goals 36 Jonathan Cheechoo
53%
Most Goals 323 Logan Couture
47%
Most Assists 378 Logan Couture
47%
Most Points 701 Logan Couture
47%
Most Games Played 933 Logan Couture
47%
Most Game Winning Goals 55 Logan Couture
47%
Most Goals 206 Owen Nolan
42%
Most Assists 245 Owen Nolan
42%
Most Points 451 Owen Nolan
42%
Most Game Winning Goals 25 Owen Nolan
42%
Most Goals 218 Tomáš Hertl
37%
Most Assists 266 Tomáš Hertl
37%
Most Points 484 Tomáš Hertl
37%
Most Games Played 712 Tomáš Hertl
37%
Most Game Winning Goals 35 Tomáš Hertl
37%
Most Goals 154 Timo Meier
32%
Most Points 316 Timo Meier
32%
Most Wins 25 Yaroslav Askarov
32%
Best Career Goals Against Average 3.37 Yaroslav Askarov
32%
Most Assists 201 Dan Boyle
26%
Most Games Played (Goalie) 183 Artūrs Irbe
21%
Most Wins 57 Artūrs Irbe
21%
Most Shutouts 8 Artūrs Irbe
21%
Most Shutouts 4 Alex Stalock
16%
Most Games Played (Goalie) 99 James Reimer
16%
Most Wins 37 James Reimer
16%
Most Shutouts 7 James Reimer
16%
Best Career Save Percentage .903 James Reimer
16%
Best Career Goals Against Average 3.05 James Reimer
16%
Most Goals 149 Jeff Friesen
16%
Most Assists 201 Jeff Friesen
16%
Most Points 350 Jeff Friesen
16%
Most Game Winning Goals 25 Jeff Friesen
16%
Most Games Played (Goalie) 115 Vesa Toskala
16%
Most Wins 65 Vesa Toskala
16%
Most Shutouts 8 Vesa Toskala
16%
Best Career Save Percentage .914 Vesa Toskala
16%
Best Career Goals Against Average 2.35 Vesa Toskala
16%
Most Games Played (Goalie) 111 Aaron Dell
11%
Most Wins 48 Aaron Dell
11%
Most Shutouts 5 Aaron Dell
11%
Best Career Save Percentage .909 Aaron Dell
11%
Best Career Goals Against Average 2.75 Aaron Dell
11%
Most Games Played (Goalie) 126 Mike Vernon
11%
Most Wins 52 Mike Vernon
11%
Most Shutouts 9 Mike Vernon
11%
Best Career Save Percentage .904 Mike Vernon
11%
Best Career Goals Against Average 2.45 Mike Vernon
11%
Most Game Winning Goals 25 Milan Michálek
11%
Most Games Played (Goalie) 125 Steve Shields
11%
Most Wins 48 Steve Shields
11%
Most Shutouts 10 Steve Shields
11%
Best Career Save Percentage .914 Steve Shields
11%
Best Career Goals Against Average 2.44 Steve Shields
11%
Most Games Played 607 Justin Braun
5%
Most Games Played (Goalie) 79 Kaapo Kähkönen
5%
Best Career Save Percentage .892 Kaapo Kähkönen
5%
Most Game Winning Goals 27 Marco Sturm
5%
Most Games Played 671 Mike Rathje
5%
Most Games Played 626 Scott Hannan
5%
Best Career Save Percentage .892 Kelly Hrudey
0%
Best Career Goals Against Average 3.04 Kelly Hrudey
0%
No matching quizzes found
Score Distribution
Percent of People with Each Score
Percentile by Number Answered
Your Score History
You have not taken this quiz since the last reset